Alle Pokemon Attacken von Typ Normal - Statistiken

Allgemein
  • Dieses Quiz wurde 102 mal gespielt
    4 seit der letzten Aktualisierung
  • Das Durchschnittsergebnis liegt bei 69 aus 191
Antwortstatistiken
Klasse Stärke Genau. Attacke % Korrekt
physisch 85 100 Bodyslam
100%
physisch 15 85 Furienschlag
100%
status - 100 Heuler
100%
speziell 150 90 Hyperstrahl
100%
physisch 40 100 Kratzer
100%
physisch 18 80 Kratzfurie
100%
physisch 120 100 Risikotackle
100%
status - 100 Rutenschlag
100%
status - 100 Silberblick
100%
physisch 40 100 Tackle
100%
speziell 90 100 Aufruhr
75%
status - - Bauchtrommel
75%
physisch 90 85 Bodycheck
75%
physisch 250 100 Explosion
75%
physisch 200 100 Finale
75%
status - - Genesung
75%
status - 55 Gesang
75%
physisch K.O. variiert Guillotine
75%
physisch 65 100 Hornattacke
75%
physisch K.O. variiert Hornbohrer
75%
physisch 55 100 Klammer
75%
physisch 15 85 Klammergriff
75%
physisch 70 100 Kopfnuss
75%
status - 85 Kreideschrei
75%
status - - Metronom
75%
physisch variiert 100 Rückkehr
75%
physisch 80 75 Slam
75%
status - - Stafette
75%
status - 55 Superschall
75%
speziell 20 KP 90 Ultraschall
75%
status - - Wandler
75%
physisch 50 95 Zerschneider
75%
status - - Abgesang
50%
status - 85 Angeberei
50%
status - 100 Anziehung
50%
status - 100 Aussetzer
50%
status - 100 Blitz
50%
status - - Brüller
50%
physisch 120 75 Megakick
50%
physisch 40 100 Mogelhieb
50%
physisch 35 90 Doppelschlag
50%
status - - Doppelteam
50%
physisch 15 85 Duplexhieb
50%
physisch 100 75 Eierbombe
50%
status - - Einigler
50%
status - - Energiefokus
50%
physisch variiert 100 Frustration
50%
physisch 120 100 Fuchtler
50%
status - - Gähner
50%
physisch variiert - Geduld
50%
physisch variiert 90 Geschenk
50%
physisch 150 90 Gigastoß
50%
status - 100 Grimasse
50%
status - - Heilung
50%
status - - Horrorblick
50%
physisch 80 90 Hyperzahn
50%
physisch 70 100 Irrschlag
50%
status - - Jauler
50%
speziell 60 100 Kanon
50%
physisch 40 100 Klaps
50%
physisch 18 85 Kometenhieb
50%
status - - Komprimator
50%
status - 100 Lockduft
50%
physisch 80 85 Megahieb
50%
status - - Milchgetränk
50%
status - - Mimikry
50%
status - - Nachahmer
50%
physisch variiert 100 Notsituation
50%
status - - Platscher
50%
physisch 20 100 Raserei
50%
status - - Rechte Hand
50%
physisch 40 100 Ruckzuckhieb
50%
physisch 130 100 Schädelwumme
50%
speziell 90 100 Schallwelle
50%
status - - Schlafrede
50%
physisch 70 100 Schlitzer
50%
status - - Schnüffler
50%
status - - Schwerttanz
50%
status - - Spotlight
50%
physisch 15 85 Stakkato
50%
physisch 65 100 Stampfer
50%
physisch 80 100 Stärke
50%
speziell 60 - Sternschauer
50%
physisch variiert 90 Superzahn
50%
speziell 80 100 Triplette
50%
physisch 40 100 Trugschlag
50%
physisch 50 100 Turbodreher
50%
physisch 80 100 Turbotempo
50%
speziell 140 100 Überschallknall
50%
physisch 10 100 Umklammerung
50%
status - - Umwandlung
50%
physisch 50 - Verzweifler
50%
status - - Wachstum
50%
status - - Weichei
50%
physisch 15 90 Wickel
50%
status - - Willensleser
50%
status - - Wunschtraum
50%
physisch 40 100 Zahltag
50%
status - 100 Zugabe
50%
status - - Ausdauer
25%
physisch variiert 100 Beerenkräfte
25%
physisch 60 100 Bezirzer
25%
status - - Bodyguard
25%
status - - Delegator
25%
physisch 120 100 Multi-Angriff
25%
physisch 20 100 Dornkanone
25%
physisch variiert 100 Dreschflegel
25%
speziell variiert 100 Entfessler
25%
physisch 70 100 Fassade
25%
physisch 70 100 Geheimpower
25%
status - - Härtner
25%
status - - Horter
25%
physisch 25 85 Kehrschelle
25%
speziell 80 100 Klingensturm
25%
speziell 60 100 Kraftreserve
25%
status - - Kraftschub
25%
physisch 90 85 Kraxler
25%
status - - Leidteiler
25%
speziell 50 100 Meteorologe
25%
status - - Morgengrauen
25%
physisch 30 100 Offenlegung
25%
status - - Psycho-Plus
25%
status - 100 Rauchwolke
25%
physisch 70 100 Riechsalz
25%
status - - Schärfer
25%
speziell 50 100 Schnarcher
25%
status - - Schutzschild
25%
status - - Tarnung
25%
status - 100 Taumeltanz
25%
status - - Umwandlung2
25%
speziell 100 100 Urteilskraft
25%
status - - Verzehrer
25%
status - - Vitalglocke
25%
speziel 40 100 Widerhall
25%
status - - Wirbelwind
25%
status - - Zuschuss
25%
status - 100 Abpausen
0%
status - - Abspaltung
0%
status - - Akupressur
0%
status - - Aufbereitung
0%
speziell variiert 100 Auswringen
0%
status - - Backenstopfer
0%
status - - Beschwörung
0%
speziell 140 100 Blutmond
0%
status - - Egotrip
0%
status - 100 Ehrentag
0%
physisch variiert - Evo-Crash
0%
speziell 50 100 Feldimpuls
0%
status - - Galanterie
0%
status - - Goldene Zeiten
0%
status - 100 Händchenhalten
0%
status - - Hausbruch
0%
physisch 70 100 Heimzahlung
0%
physisch 100 100 Hyperbohrer
0%
status - - Imitator
0%
status - - Kameradschaft
0%
status - 100 Kampfgebrüll
0%
status - - Konzentration
0%
status - 100 Liebreiz
0%
physisch 20 90 Mäuseplage
0%
status - - Natur-Kraft
0%
status - - Offerte
0%
physisch variiert 100 Quetschgriff
0%
status - - Rampenlicht
0%
physisch 90 100 Rasender Stier
0%
status - - Rückentzug
0%
status - - Scharfblick
0%
status - 100 Schlangenblick
0%
status - - Schwanzabwurf
0%
status - 100 Seitenwechsel
0%
status - 100 Spaßkanone
0%
physisch 120 100 Steinschädel
0%
status - - Tagedieb
0%
status - - Teatime
0%
speziell 120 100 Techblaster
0%
speziell 80 100 Tera-Ausbruch
0%
speziell 130 100 Tera-Sternhagel
0%
status - 75 Todeskuss
0%
status - - Tränendrüse
0%
speziell variiert - Trumpfkarte
0%
status - - Typenspiegel
0%
speziell 75 100 Urgesang
0%
status - - Vertrauenssache
0%
status - 100 Wankelstrahl
0%
speziell 90 100 Wecktanz
0%
physisch 75 95 Zermalmklaue
0%
physisch 70 100 Zermürben
0%
status - - Zielschuss
0%
physisch 140 100 Zuflucht
0%
physisch 40 100 Zurückhaltung
0%
status - 100 Zwango
0%
Keine übereinstimmenden Quizze gefunden
Verteilung der Resultate
Anzahl Personen mit jedem Resultat
Perzentil nach korrekt beantworteten Fragen
Ihre Resultats-Entwicklung
Sie haben dieses Quiz seit der letzten Aktualisierung nicht gespielt